00486nam a2200145Ia 4500003000900000008004100009020002600050040001600076100002200092245003800114260003200152300002000184490003300204856010300237IN-BaIIA211028s9999 xx s 000 0 eng d a9780819492005 (Print) cIIA Library aTurner, Mary, ed. 0aTribute to William Wolfeh[eBook] aWashington, USAbSPIEc2012 aOnline resource aProceedings of SPIE; V. 8483 uhttps://www.spiedigitallibrary.org/conference-proceedings-of-spie/8483yClick Here to Access eBook